00820nam a2200253 i 4500001000300000100003200003245005400035250001200089260005700101300002100158504003400179650004900213650004200262655003000304015001700334020001500351020001800366040000800384041000800392044000800400080001900408008004100427856009800468bg1 aLityński, Adamd(1940- ).10aHistoria prawa Polski Ludowej /cAdam Lityński. aWyd. 3. aWarszawa :bWydawnictwo Prawnicze LexisNexis,c2008. a301 s. ;c24 cm. aBibliogr. s. 293-301. Indeks. 9aOrgany ochrony prawnejzPolskay1944-1989 r. 9aPrawoxhistoriazPolskay1944-1989 r. aPodręczniki akademickie aPB 1190/2007 a8373346716 a9788373346710 cBPK apol aPOL a34(438)(075.8)061229s2007 pl |001 0 pol  uhttp://koha.tu.koszalin.pl/cgi-bin/koha/opac-detail.pl?biblionumber=55903yKatalog online BPK